Analýza vplyvu systému finančného riadenia EŠIF na zvyšovanie efektívnosti ich využitia v podmienkach SR diplomová práca

Enregistré dans:
Détails bibliographiques
Auteur principal: Zátopková, Lenka
Collectivité auteur: Národohospodárska fakulta EU. Katedra financií
Autres auteurs: Čiernik, Anton
Format: Livre
Langue:slovaque
Publié: Bratislava 2019
Tags: Ajouter un tag
Pas de tags, Soyez le premier à ajouter un tag!

MARC

LEADER 00000nbm a2200000 4500
001 0254929
005 20190724133005.4
041 0 |a slo 
044 |a SK 
245 1 0 |a Analýza vplyvu systému finančného riadenia EŠIF na zvyšovanie efektívnosti ich využitia v podmienkach SR  |b diplomová práca  |c Lenka Zátopková ; školiteľ: Anton Čiernik 
264 1 |a Bratislava  |c 2019 
300 |a 79 s. 
100 1 |a Zátopková, Lenka 
700 1 |a Čiernik, Anton 
710 2 |a Národohospodárska fakulta EU. Katedra financií